Tratamientos dietéticos modernos (Record no. 65231)

MARC details
000 -LEADER
campo de control de longitud fija 00569nam a2200157 i 4500
001 - NÚMERO DE CONTROL
campo de control 65231
003 - IDENTIFICADOR DE NÚMERO DE CONTROL
campo de control ES-MaACL
005 - FECHA Y HORA DE LA ÚLTIMA TRANSACCIÓN
campo de control 20230906165327.0
007 - CAMPO FIJO DE DESCRIPCIÓN FÍSICA--INFORMACIÓN GENERAL
campo de control de longitud fija t|
008 - DATOS DE LONGITUD FIJA--INFORMACIÓN GENERAL
campo de control de longitud fija 040109s1935 sp ||||1| spa d
100 1# - ENTRADA PRINCIPAL--NOMBRE DE PERSONA
Nombre de persona Franck, Rudolf.
9 (RLIN) 52209
245 10 - MENCIÓN DEL TÍTULO
Título Tratamientos dietéticos modernos
Resto del título : un libro para el médico práctico /
Mención de responsabilidad, etc. por Rudolf Franck ; traducción de la 2ª edición alemana corregida y ampliada por F. sánchez-Sarachaga.
260 ## - PUBLICACIÓN, DISTRIBUCIÓN, ETC.
Lugar de publicación, distribución, etc. Barcelona :
Nombre del editor, distribuidor, etc. [s.n.,
Fecha de publicación, distribución, etc. 1935] (
Fabricante Tall. Ibero-Americanos)
300 ## - DESCRIPCIÓN FÍSICA
Extensión 185 p. ;
Dimensiones 23 cm.
852 ## - LOCALIZACIÓN
Ubicación ES-MaACL
Número de control de estantería E-1387
Holdings
Estatus retirado Estado de pérdida Estado de daño No para préstamo Biblioteca de origen Biblioteca actual Ubicación en estantería Fecha de adquisición Fuente de adquisición Total de préstamos Signatura topográfica completa Código de barras Visto por última vez Precio de reemplazo Tipo de ítem Koha
        Biblioteca del Ateneo de Madrid Biblioteca del Ateneo de Madrid Depósito 2 17/01/2008     E-1387 1068341 23/02/2023 23/02/2023 Libro impreso